| 000 | 00409nam a22001817a 4500 | ||
|---|---|---|---|
| 003 | MPLRDC | ||
| 005 | 20220104123626.0 | ||
| 008 | 210129b ||||| |||| 00| 0 eng d | ||
| 020 | _a957-741-050-2 | ||
| 082 | _a563 LLR | ||
| 100 | _a刘立人编译 | ||
| 245 |
_a金钱主人 _c |
||
| 250 | _a第一版 | ||
| 260 |
_a _b先见出版公司 _c1993 |
||
| 300 | _b平 | ||
| 650 | _a | ||
| 942 |
_cBK _o563 LLR |
||
| 999 |
_c12891 _d12881 |
||